Diccionario ilustrado de Latín: latino-español, español-latino
Wedi'i Gadw mewn:
| Fformat: | Llyfr |
|---|---|
| Iaith: | Undetermined |
| Cyhoeddwyd: |
Barcelona, España
Vox
2003
|
| Pynciau: | |
| Tagiau: |
Ychwanegu Tag
Dim Tagiau, Byddwch y cyntaf i dagio'r cofnod hwn!
|
MARC
| LEADER | 00000nam a2200000Ia 4500 | ||
|---|---|---|---|
| 008 | 170316s9999 xx 000 0 und d | ||
| 040 | |a cru BVZT | ||
| 090 | |a R-413 D-1d LAT-ESP | ||
| 245 | |a Diccionario ilustrado de Latín: latino-español, español-latino | ||
| 260 | |a Barcelona, España | ||
| 260 | |b Vox | ||
| 260 | |c 2003 | ||
| 300 | |a 715 páginas.: il., map., grabs. | ||
| 650 | |a REFERENCIA | ||
| 650 | |a DICCIONARIO | ||
| 650 | |a IDIOMA-LATÍN | ||
| 650 | |a GRABADOS | ||
| 650 | |a MAPAS | ||
| 650 | |a ILUSTRACIONES | ||
| 650 | |a LATÍN ECLESIÁSTICO | ||
| 942 | |c REF | ||
| 999 | |c 15030 |d 15030 | ||
